000 00702nas a2200229 4500
001 BR8001636
003 BR-BrBNA
005 20231205084242.0
007 ta
008 230509b bl.|||p| |||| 00| 00por d
040 _aBR-BrBNA
_bpor
_cBiblioteca Nacional de Agricultura
041 _a(Pt)
072 _aL60
100 1 _aMachado, P.C.
245 1 _aComunicacao a Associacao dos Criadores de Nelore do Brasil, sobre o nelore de pelagem vermelha
650 _aTaxonomia animal
650 _aGado nelore
650 _aRaca
773 0 _tAnuario dos Criadores (Brazil)
_xISSN 0518-0937
_g(1980), v. 18(18) p. 44-48
_wBR8001636
909 _a202311
_bLúcia
_c55
_dLúcia Elande
942 _2AGRIS
_n0
_cANA
999 _c104047
_d104047